مع الله فى الأرض / (Record no. 8130)
[ view plain ]
| 000 -الفاتح | |
|---|---|
| حقل البيانات ثابتة الطول | 00809nac a22002051u 4500 |
| 008 - عناصر البيانات ثابتة الطول - معلومات عامة | |
| حقل البيانات ثابتة الطول | 101128s1987 xxu||||| |||| 00| 0 ara d |
| 020 ## - الرقم الدولى المعيارى للكتب | |
| الرقم الدولى المعيارى للكتاب | 9770112925 |
| 082 ## - رقم تصنيف ديوى العشرى | |
| رقم التصنيف | 611 |
| رقم المادة | ز ك ى |
| 100 1# - المدخل الرئيسى - إسم شخصى | |
| الإسم الشخصى | زكى ، أحمد |
| 9 (RLIN) | 21336 |
| 245 ## - بيان العنوان | |
| العنوان | مع الله فى الأرض / |
| بيان المسئوليه,etc | أحمد زكى |
| 250 ## - بيان الطبعة | |
| بيان الطبعة | ط 2 |
| 260 ## - PUBLICATION, DISTRIBUTION, ETC. (IMPRINT) | |
| مكان الناشر او الموزع | القاهرة : |
| اسم الناشر او الموزع | الهيئة المصرية العامة للكتاب ،1987 |
| تاريخ النشر أو التوزيع | 1987. |
| 300 ## - الوصف المادى | |
| التعداد | 439 ص : |
| تفاصيل ماديه اخرى للوعاء | ايض ؛ |
| أبعاد الوعاء | 24 سم. |
| 511 ## - | |
| -- | Catalogued by: Sara |
| 650 ## - المدخل الاضافى بالموضوع-مصطلح موضوعى | |
| مصطلح موضوعي أو اسم جغرافي كعنصر مدخل | التشريح |
| 9 (RLIN) | 21337 |
| 650 ## - المدخل الاضافى بالموضوع-مصطلح موضوعى | |
| مصطلح موضوعي أو اسم جغرافي كعنصر مدخل | جسم الإنسان |
| 9 (RLIN) | 21685 |
| 650 ## - المدخل الاضافى بالموضوع-مصطلح موضوعى | |
| مصطلح موضوعي أو اسم جغرافي كعنصر مدخل | الجهازالعصبى |
| 9 (RLIN) | 15479 |
| 942 ## - عناصر المدخل الإضافي( كوها) | |
| Koha [default] item type | Book - Borrowing |
| سابقة رقم الطلب | 611 ز ك ى |
| مصدر التصنيف او مخطط الترفيف | Dewey Decimal Classification |
| حالة التراجع | حالة الفقد | مصدر التصنيف او خطة الترفيف | حالة تلف | ليس للاعارة | مجموعات كوها | المكان الدائم | المكان الحالي | موقع الترفيف | تاريخ الاكتساب | Source of acquisition | رقم الاستدعاء | الباركود | Date last seen | مُعار | نوع الوعاء |
|---|---|---|---|---|---|---|---|---|---|---|---|---|---|---|---|
| Dewey Decimal Classification | Alef-Baa | Central Library | Central Library | First floor | 02/01/2011 | 611 ز ك ى | 000010052 | 15/07/2025 | 21/07/2016 | Book - Borrowing |